| Tag |
First Indicator |
Second Indicator |
Subfields |
| LEADER |
00000cam a22000001 4500 |
| 001 |
in00000022036 |
| 005 |
20151007063833.0 |
| 008 |
740813s1966 enk b 00000 eng |
| 010 |
|
|
|a 66077117
|
| 015 |
|
|
|a B66-19554
|
| 035 |
|
|
|a (OCoLC)00193517
|
| 035 |
|
|
|9 AAD8379AM
|
| 040 |
|
|
|a DLC
|c DLC
|d TXA
|d UtOrBLW
|
| 049 |
|
|
|a TXAM
|c [474653]
|
| 050 |
0 |
0 |
|a PR2031
|b .N6
|
| 082 |
0 |
|
|a 821.2
|
| 092 |
|
|
|a 821
|b L983p
|
| 100 |
1 |
|
|a Lydgate, John,
|d 1370?-1451?
|
| 245 |
1 |
0 |
|a Poems /
|c with an introduction, notes, and glossary by John Norton-Smith.
|
| 264 |
|
1 |
|a Oxford :
|b Clarendon P.,
|c 1966.
|
| 300 |
|
|
|a xvi, 202 pages :
|b frontispiece ;
|c 19 cm.
|
| 336 |
|
|
|a text
|b txt
|2 rdacontent
|
| 337 |
|
|
|a unmediated
|b n
|2 rdamedia
|
| 338 |
|
|
|a volume
|b nc
|2 rdacarrier
|
| 490 |
1 |
|
|a Clarendon medieval and Tudor series
|
| 504 |
|
|
|a Bibliography: pages xvi.
|
| 700 |
1 |
|
|a Norton-Smith, John.
|
| 830 |
|
0 |
|a Clarendon medieval and Tudor series.
|
| 999 |
|
|
|a MARS
|
| 999 |
f |
f |
|s 2bf23c20-f866-3d2d-96d4-f777a5215c01
|i 695962cd-b93d-3073-9187-526d7d443b8c
|t 0
|
| 952 |
f |
f |
|p ric
|a Texas A&M University
|b Rellis Campus
|c Joint Library Facility
|d Remote Storage
|t 0
|e PR2031 .N6
|h Library of Congress classification
|i unmediated -- volume
|m A14801281779
|
| 998 |
f |
f |
|a PR2031 .N6
|t 0
|l Remote Storage
|